000 00580nam a2200193Ia 4500
003 GCL
008 140319s9999 xx 000 0 ara d
040 _aGCL /
_cGCL
082 0 4 _a901
_bب ا
100 1 _aصالح احمد العلى
245 1 0 _aالاتجاهات العامة فى الابحاث التاريخية /
_cصالح احمد العلى
700 1 _aباراكلو، جفرى
300 _a365 ص
490 _a
650 0 4 _aالماركسية
650 0 4 _aالتاريخ - فلسفة
650 0 4 _aالتاريخ - طرق البحث
942 _2ddc
_cBK
999 _c41701
_d41701